| 000 | 01127nam a2200289 i 4500 | ||
|---|---|---|---|
| 001 | bg | ||
| 100 | 1 | _aJÓZEFACIUK, Jerzy | |
| 245 | 1 | 0 |
_aĆwiczenia z ergonomii i ochrony pracy / _cJerzy Józefaciuk, Wiesława Nowacka ; Szkoła Główna Gospodarstwa Wiejskiego w Warszawie. |
| 250 | _aWyd. 3 popr. | ||
| 260 |
_aWarszawa : _bWydaw. SGGW, _c1999. |
||
| 300 |
_a80 s. : _bwykr. ; _c24 cm. |
||
| 504 | _aBibliogr. przy rozdz. | ||
| 521 | _aDla studentów Wydz. Leśnego oraz Wydz. Techniki Rolniczej i Leśnej SGGW. | ||
| 650 | 9 |
_aBezpieczeństwo i higiena pracy _xprawo _zPolska _ystan na 1999 r. |
|
| 650 | 9 | _aErgonomia | |
| 655 | _aPodręczniki akademickie | ||
| 700 | 1 | _aNOWACKA, Wiesława | |
| 710 | 0 | _aSzkoła Główna Gospodarstwa Wiejskiego (Warszawa) | |
| 020 | _a8372440654 | ||
| 040 | _cBPK | ||
| 041 | 0 | _apl | |
| 080 | _a331.101.1:349.23/.24](438)(075.8) | ||
| 920 | _a83-7244-065-4 | ||
| 942 | _cKS | ||
| 008 | s pl f |000 0 pol | ||
| 999 |
_c42297 _d42297 |
||
| 856 |
_uhttp://koha.tu.koszalin.pl/cgi-bin/koha/opac-detail.pl?biblionumber=42297 _yKatalog online BPK |
||